LEADER 00740nam2 2200253 450 001 000025325 005 20090410145456.0 100 $a20090410d1929----km-y0itay50------ba 101 0 $ager 102 $aDE 105 $ay-------001yy 200 1 $aKrebs und Weichtiere$fB. Havinga 210 $aStuttgart$cE. Schweizerbart'sche Verlagbuchhandlung$d1929 215 $aVI, 147 p.$cill.$d28 cm 410 0$12001$1001000022624$vBand III, Heft 2$aHandbuch der Seefischerei Nordeuropas 461 0$1001000022624 482 0$1001000025326 610 1 $aPesca 676 $a639$v20 700 1$aHavinga,$bB. 801 0$aIT$bUNIPARTHENOPE$gRICA$2UNIMARC 912 $a000025325 951 $aDEP III-0089$b1956$cNAVA1$d2009 997 $aUNIPARTHENOPE LEADER 01379nam0 22003251i 450 001 UON00079669 005 20231205102424.483 010 $a27-384-2323-X 100 $a20020107d1993 |0itac50 ba 101 $afre 102 $aFR 105 $a|||| ||||| 200 1 $aAjustement et developpement$eMaghreb, Afrique subsaharienne, Europe de l'Est$fEtudes coordonnees par Driss Guerraoui 210 $aCasablanca$cLes Editions Toubkal ; Paris$cHarmattan$d1993 215 $a229 p.$d22 cm 606 $aAFRICA SUBSAHARIANA$xSviluppo economico$3UONC020523$2FI 606 $aEuropa orientale$xSviluppo economico$3UONC024274$2FI 606 $aPAESI ARABI$xSviluppo economico$3UONC020735$2FI 620 $aFR$dParis$3UONL002984 676 $a338.967$cSVILUPPO ECONOMICO DELL'AFRICA SUBSAHARIANA$v21 676 $a338.956$cSVILUPPO ECONOMICO DEL MEDIO ORIENTE$v21 676 $a338.947$cSVILUPPO ECONOMICO DELL'EUROPA ORIENTALE$v21 702 1$aGUERRAOUI$bDriss$3UONV052306 712 $aL'Harmattan$3UONV246057$4650 801 $aIT$bSOL$c20251003$gRICA 899 $aSIBA - SISTEMA BIBLIOTECARIO DI ATENEO$2UONSI 912 $aUON00079669 950 $aSIBA - SISTEMA BIBLIOTECARIO DI ATENEO$dSI XII 015 $eSI AA 20055 5 015 996 $aAjustement et developpement$91301020 997 $aUNIOR